[Event "TCh-BEL 2010-11"]
[Site "Sint-Pieters Brugge BEL"]
[Date "2011.02.27"]
[Round "9.6"]
[White "Israel,G"]
[Black "Michiels,R"]
[Result "0-1"]
[WhiteElo "2103"]
[BlackElo "2281"]

1.d4 Nf6 2.Bg5 Ne4 3.Bh4 d5 4.f3 Nf6 5.Nc3 Bf5 6.g4 Bg6 7.e4 dxe4 8.f4 e6
9.Qe2 c6 10.O-O-O Be7 11.Bh3 Nd5 12.Bxe7 Qxe7 13.Nxd5 cxd5 14.f5 exf5 15.gxf5 Bxf5
16.Bxf5 Qg5+ 17.Kb1 Qxf5 18.Qb5+ Qd7 19.Qb4 Nc6 20.Qc5 Qg4 21.Re1 O-O-O 22.Ne2 Qe6
23.a3 f5 24.Rhg1 g6 25.h4 Qd6 26.Qc3 f4 27.Ref1 f3 28.Nc1 Qf6 29.Nb3 Rhe8  0-1

[Event "6th Women GP"]
[Site "Doha QAT"]
[Date "2011.03.05"]
[Round "11"]
[White "Mkrtchian,L"]
[Black "Fierro Baquero,M"]
[Result "1/2-1/2"]
[WhiteElo "2475"]
[BlackElo "2353"]

1.d4 Nf6 2.Bg5 Ne4 3.Bf4 c5 4.f3 Qa5+ 5.c3 Nf6 6.Nd2 cxd4 7.Nb3 Qb6 8.Qxd4 Qxd4
9.cxd4 d5 10.e3 e6 11.g4 Nc6 12.Bb5 Bd7 13.a3 Rc8 14.Ne2 Be7 15.Rc1 O-O 16.Bd3 Rfe8
17.Kd2 Bf8 18.h3 h6 19.Rc3 e5 20.dxe5 Nxe5 21.Bxe5 Rxe5 22.Rxc8 Bxc8 23.Rc1 Re8
24.Nbd4 Bd6 25.Bf5 Bxf5 26.Nxf5 Be5 27.Nfd4 g6 28.Nc3 Bxd4 29.exd4 Kg7 30.Ne2 Re7
31.Nf4 Rd7 32.Rc5 b6 33.Rc8 Ng8 34.Nd3 Ne7 35.Rc1 f6 36.b4 Kf7 37.b5 Ke6
38.Nf4+ Kf7 39.Nd3 Ke6 40.Nb4 Kd6 41.Na6 Rd8 42.Rc7 Rd7 43.Rc1 Rd8 44.Nb4 Rc8
45.Re1 g5 46.Rc1 Rxc1 47.Kxc1 Ng6 48.Nd3 Nh4 49.Ne1 Ng6 50.Nd3 Nh4 51.Ne1 Ng6
52.Nd3  1/2-1/2

[Event "FSIM March"]
[Site "Budapest HUN"]
[Date "2011.03.09"]
[Round "5"]
[White "Tran Tuan Minh"]
[Black "Tesik,C"]
[Result "0-1"]
[WhiteElo "2295"]
[BlackElo "2299"]

1.d4 Nf6 2.Bg5 Ne4 3.Bf4 c5 4.f3 Nf6 5.d5 Qb6 6.Nc3 Qxb2 7.Bd2 Qb6 8.e4 d6
9.Rb1 Qd8 10.f4 g6 11.Bb5+ Nfd7 12.a4 Bg7 13.Nf3 O-O 14.O-O c4 15.Qe2 Qc7
16.Qxc4 Nc5 17.Qe2 a6 18.Bd3 Bxc3 19.Bxc3 Nxa4 20.Bd4 Nc3 21.Qf2 Nxb1 22.Qh4 f6
23.Rxb1 Nd7 24.Re1 Nc5 25.e5 Nxd3 26.cxd3 Bf5 27.e6 Qa5 28.Qh6 Bg4 29.Re3 Bxf3
30.Rxf3 Rac8  0-1

[Event "ch-SRB"]
[Site "Kragujevac SRB"]
[Date "2011.03.10"]
[Round "10"]
[White "Miladinovic,I"]
[Black "Tadic,Br"]
[Result "1/2-1/2"]
[WhiteElo "2556"]
[BlackElo "2518"]

1.d4 Nf6 2.Bg5 Ne4 3.h4 c5 4.dxc5 Na6 5.Qd4 Naxc5 6.Nc3 Nxc3 7.Qxc5 Ne4 8.Qd5 Nxg5
9.hxg5 Qb6 10.O-O-O Qxf2 11.Rh3 e6 12.Qd2 Be7 13.Nf3 Qc5 14.e4 e5 15.Nh4 d5
16.Nf5 Bxf5 17.exf5 d4  1/2-1/2

[Event "ch-Southern FR Men"]
[Site "Armavir RUS"]
[Date "2011.03.12"]
[Round "1"]
[White "Sukhareva,V"]
[Black "Polyakov,Y"]
[Result "1-0"]
[WhiteElo "1936"]
[BlackElo "2317"]

1.d4 Nf6 2.Bg5 Ne4 3.Bh4 d5 4.f3 Nd6 5.Nc3 c6 6.e4 Qa5 7.Qd2 e6 8.Rb1 Qc7
9.b4 Be7 10.Bf2 b5 11.Bg3 Qb6 12.Bxd6 Bxd6 13.e5 Be7 14.a4 bxa4 15.Nxa4 Qc7
16.Nc5 Nd7 17.Bd3 a5 18.c3 axb4 19.cxb4 O-O 20.f4 Nxc5 21.bxc5 Ra3 22.Nf3 Qa7
23.O-O Bd8 24.Rf2 Qa5 25.Qc2 g6 26.Rb8 Bc7 27.Rb3 Ra1+ 28.Rb1 Ra3 29.Rb3 Ra4
30.Rb1 Ra1 31.Rxa1 Qxa1+ 32.Rf1 Qa3 33.h4 Ba6 34.Bxa6 Qxa6 35.h5 Qa3 36.Qf2 Rb8
37.hxg6 hxg6 38.Qh4 Qe3+ 39.Kh2 Bd8 40.Ng5 Bxg5 41.fxg5 Qe2 42.Qf4 Rf8 43.Rf3 Qe4
44.Qf6 Qh4+ 45.Rh3 Qxh3+ 46.gxh3 Ra8 47.Kg3 Ra3+ 48.Kg4 Rd3 49.Qf2 Rd1 50.Qb2 Re1
51.h4 Kg7 52.Qf2 Re4+ 53.Kh3 Kg8 54.Qd2 Kg7 55.Qd1 Re3+ 56.Kg2 Re4 57.Kf2 Rxh4
58.Ke3 Rh3+ 59.Kd2 Ra3 60.Qb1 Ra4 61.Kc3 Ra3+ 62.Kc2 Ra4 63.Qd1 Kg8 64.Kb3 Ra8
65.Kc3 Ra3+ 66.Kb2 Ra5 67.Kb3 Ra8 68.Qf1 Rb8+ 69.Ka4 Rb2 70.Ka5 Kg7 71.Qf6+ Kg8
72.Qd8+ Kg7 73.Qc7 Rd2 74.Qxc6 Rxd4 75.Qd7 Rc4 76.c6 d4 77.Kb5  1-0

[Event "TCh-SWE Elitserien 2010-11"]
[Site "Sweden SWE"]
[Date "2011.03.12"]
[Round "10"]
[White "Krantz,C"]
[Black "Wiedenkeller,M"]
[Result "1/2-1/2"]
[WhiteElo "2190"]
[BlackElo "2431"]

1.d4 Nf6 2.Bg5 Ne4 3.Bf4 d5 4.Nd2 e6 5.e3 Bd6 6.Bxd6 Qxd6 7.Nxe4 dxe4 8.c3 O-O
9.Qc2 f5 10.f3 exf3 11.Nxf3 b6 12.Bd3 Bb7 13.O-O Bxf3 14.Rxf3 Nd7 15.e4 g6
16.Re1 Rae8 17.Qa4 fxe4 18.Bxe4 Rxf3 19.Bxf3 a5 20.Qc6 Kf7 21.Qc4 Re7 22.Kh1 Kg7
23.Bg4 e5 24.Bxd7 Rxd7 25.dxe5 Qxe5 26.Rf1 Qd5 27.Qe2 Rf7 28.Rxf7+ Kxf7 29.b3 Qe6
30.Qd2 Qf5 31.Kg1 Qc5+ 32.Kf1 Ke6 33.h3 Qf5+ 34.Ke2 Qd5 35.Qxd5+ Kxd5 36.Kd3 c6
37.Ke3 Ke5 38.Kf3 Kf5 39.Ke3 Ke5 40.Kf3 b5 41.Ke3 g5 42.Kf3 h5 43.g3 b4 44.cxb4 axb4
45.Ke3 h4 46.gxh4 gxh4 47.Kf3 Kf5 48.Ke3 Ke5 49.Kf3 Kd4 50.Kg4 Kc3 51.Kxh4 Kb2
52.Kg4 Kxa2 53.h4 Kxb3 54.h5 Kc4 55.h6 b3 56.h7 b2 57.h8=Q b1=Q 58.Qg8+ Kc5
59.Qf8+ Kd5 60.Qf7+ Kd6 61.Qf8+ Kc7 62.Qe7+ Kb6 63.Qd8+ Ka7 64.Qa5+ Kb7 65.Kf4 Qb6
66.Qc3 c5 67.Ke4 Qd6 68.Qb3+ Kc7 69.Qd5 Qg6+ 70.Ke3 Qc2 71.Qd3 Qc1+ 72.Qd2 Qg1+
73.Kd3 Kc6 74.Kc2 Qg4 75.Qd3 Qg2+ 76.Kc3 Qg7+ 77.Kc2 Qg2+ 78.Kc3 Qg7+ 79.Kc2 Qg2+  1/2-1/2

[Event "ch-Moscow S/F 2011"]
[Site "Moscow RUS"]
[Date "2011.03.15"]
[Round "2"]
[White "Kutuzov,D"]
[Black "Shorbatov,Ma"]
[Result "1-0"]
[WhiteElo "2411"]
[BlackElo "2195"]

1.d4 Nf6 2.Bg5 Ne4 3.h4 h6 4.Bf4 d5 5.Nd2 Bf5 6.e3 Nxd2 7.Qxd2 e6 8.Qa5 c6
9.Qxd8+ Kxd8 10.O-O-O Nd7 11.f3 b5 12.g4 Bg6 13.Nh3 Kc8 14.Nf2 Kb7 15.e4 a6
16.Bg2 Rc8 17.Nd3 Be7 18.Bg3 Bf6 19.Nf4 Bh7 20.Nh5 Bg6 21.Nxf6 Nxf6 22.g5 hxg5
23.hxg5 Nd7 24.c3 a5 25.b3 Rcg8 26.Kd2 Rxh1 27.Rxh1 a4 28.Ke3 axb3 29.axb3 Ra8
30.Bd6 Ra2 31.Rh2 Rb2 32.exd5 cxd5 33.Bf1 Rxb3 34.Bb4 Kc6 35.Ra2 Kb6 36.Ra5 Kb7
37.Bxb5 Nb6 38.Ba6+ Kc7 39.Rc5+ Kd7 40.Bb5+ Kd8 41.Ba5 Ke7 42.Bxb6  1-0

[Event "UT Dallas GM Invitational"]
[Site "Richardson USA"]
[Date "2011.03.15"]
[Round "6"]
[White "Zivanic,M"]
[Black "Becerra Rivero,J"]
[Result "0-1"]
[WhiteElo "2497"]
[BlackElo "2549"]

1.d4 Nf6 2.Bg5 Ne4 3.Bf4 c5 4.f3 Qa5+ 5.c3 Nf6 6.d5 e6 7.e4 exd5 8.exd5 d6
9.Qe2+ Be7 10.Bxd6 Nxd5 11.Bxe7 Nxe7 12.Qb5+ Nbc6 13.Qxa5 Nxa5 14.Bb5+ Kd8
15.Nd2 Kc7 16.Ne2 a6 17.Bd3 Rd8 18.Be4 f5 19.Bc2 Nd5 20.O-O-O Ne3 21.Rde1 g5
22.h4 Nxg2 23.Reg1 Nxh4 24.Rxg5 Rxd2 25.Rg7+ Rd7 26.Rxd7+ Bxd7 27.Rxh4 Re8
28.Rxh7 Kd8 29.Rh2 Nc4 30.b3 Ne5 31.Ng3 Nxf3 32.Rf2 Nh4 33.Rf4 Ng2 34.Rf2 Ne3
35.Bd3 Rg8 36.Ne2 Rg2 37.Rxg2 Nxg2 38.Kd2 Ke7 39.b4 cxb4 40.cxb4 Kd6 41.Nd4 Ke5
42.Nf3+ Kf4 43.Nd4 Nh4 44.b5 a5 45.Kc3 b6 46.Nc6 Nf3 47.Bf1 Ke3 48.Bg2 Nd2
49.Nxa5 bxa5 50.b6 Bc8 51.b7 Bxb7 52.Bxb7 Ne4+ 53.Kc2 f4 54.Bc8 f3 55.Kb3 f2
56.Bh3 Ng5 57.Bf1 Kd2 58.Ka4 Ke1 59.Bb5 Ne4  0-1

[Event "ch-PriFO A"]
[Site "Tolyatti RUS"]
[Date "2011.03.16"]
[Round "7.8"]
[White "Vlasenko,M"]
[Black "Voitsekhovsky,S"]
[Result "0-1"]
[WhiteElo "2354"]
[BlackElo "2553"]

1.d4 Nf6 2.Bg5 Ne4 3.Bf4 c5 4.f3 Qa5+ 5.c3 Nf6 6.d5 d6 7.e4 g6 8.Na3 Nbd7
9.Nh3 Bg7 10.Nc4 Qc7 11.a4 O-O 12.Nf2 Nb6 13.Na3 Bd7 14.a5 Nc8 15.Nc4 Rb8
16.Be2 b5 17.Ne3 e5 18.dxe6 fxe6 19.Bg5 h6 20.Bh4 g5 21.Bg3 Nh5 22.Qd2 Bc6
23.Neg4 Rb7 24.Nd3 e5 25.b4 c4 26.Ndf2 Qd8 27.O-O-O Rd7 28.Ne3 Ne7 29.Nfg4 Nf4
30.h4 d5 31.exd5 Nexd5 32.Nxd5 Rxd5 33.Qe3 e4 34.fxe4 Rxd1+ 35.Rxd1 Qe7 36.e5 h5
37.Rd6 Be8 38.Nh6+ Kh8 39.Bxf4 gxf4 40.Qe4 Qxe5 41.Qxe5 Bxe5 42.Rd8 Kg7 43.Nf5+ Rxf5
44.Rxe8 Bxc3 45.Re7+ Rf7 46.Rxf7+ Kxf7 47.Bf3 Bxb4 48.Bc6 Bxa5 49.Bxb5 Be1
50.Bxc4+ Kg6 51.Bd3+ Kh6 52.Kd1 Bxh4 53.Ba6 Kg5 54.Ke2 Kg4 55.Kf1 Be7 56.Be2+ Kg5
57.Kf2 h4 58.Ba6 Kg4 59.Bc8+ Kg5 60.Ba6 Kf5 61.Kf3 Bb4 62.Kf2 Ke5 63.Ke2 Bc5
64.Kf3 Bg1 65.Ke2 Kd4 66.Kd2 f3 67.gxf3 h3 68.f4 h2 69.Bb7 a5 70.Bc6 a4 71.Kc2 Kc4
72.Kb2 Bc5 73.f5 a3+ 74.Ka2 Kd4  0-1

[Event "e2e4 Uxbridge Open"]
[Site "Denham ENG"]
[Date "2011.03.18"]
[Round "1"]
[White "Shepley,J"]
[Black "Hebden,M"]
[Result "0-1"]
[WhiteElo "2043"]
[BlackElo "2546"]

1.d4 Nf6 2.Bg5 Ne4 3.Bf4 c5 4.f3 Qa5+ 5.c3 Nf6 6.Nd2 cxd4 7.Nb3 Qd8 8.cxd4 d5
9.e3 Nc6 10.Bd3 g6 11.Ne2 Bg7 12.O-O O-O 13.Qd2 Re8 14.Rac1 e5 15.dxe5 Nxe5
16.Bb5 Re7 17.Ned4 a6 18.Be2 Qb6 19.Rfe1 Bd7 20.Qa5 Qxa5 21.Nxa5 b6 22.Nab3 Ne8
23.Bf1 h6 24.e4 dxe4 25.Rxe4 Nd6 26.Ree1 a5 27.Red1 a4 28.Na1 Nf5 29.Nac2 Nc6
30.Nxc6 Bxc6 31.Nb4 Bb7 32.b3 axb3 33.axb3 Nd4 34.Rc7 Rae8 35.Rxe7 Rxe7 36.Bc4 b5
37.Bd3 Rd7 38.Rb1 Bf8 39.Nc2 Nxf3+ 40.gxf3 Rxd3 41.Ne1 Rd7 42.Rc1 Kg7 43.Kf2 g5
44.Be3 Bd5 45.Rc3 Be6 46.Nc2 Bd6 47.Nd4 Bxh2 48.Nxe6+ fxe6 49.Rc5 Rb7 50.Bd4+ Kg6
51.Be5 Bxe5 52.Rxe5 Kf6 53.Rc5 b4 54.Rc4 Rb5 55.Kg3 h5 56.Rd4 Kf5 57.Rc4 h4+
58.Kh3 e5 59.Re4 Rd5 60.Rxb4 Rd3 61.Kg2 Rd2+ 62.Kg1 Rb2 63.Kf1 h3 64.Kg1 Rg2+  0-1

[Event "ch-VIE Men"]
[Site "Da Lat VIE"]
[Date "2011.03.22"]
[Round "4.10"]
[White "Tu Hoang Thai"]
[Black "Hoang Van Ngoc"]
[Result "1-0"]
[WhiteElo "2378"]
[BlackElo "2179"]

1.d4 Nf6 2.Bg5 Ne4 3.Bf4 d5 4.e3 c5 5.Bd3 Nf6 6.dxc5 Nc6 7.Nf3 Bg4 8.Bb5 Qa5+
9.Nc3 e6 10.Qd4 Bxf3 11.gxf3 Nd7 12.Bxc6 bxc6 13.b4 Qa3 14.Bg3 Be7 15.e4 a5
16.b5 e5 17.Qd2 d4 18.bxc6 Nxc5 19.Nd5 Qxf3 20.O-O Nxe4 21.Qd3 Qxd3 22.cxd3 Nxg3
23.hxg3 Bd6 24.Rab1 O-O 25.Rfc1 f5 26.c7 Rac8 27.Rc6 Bb4 28.Nb6 Rxc7 29.Rxc7 e4
30.Nd5 e3 31.Nxb4 axb4 32.fxe3 dxe3 33.Rxb4  1-0

[Event "ch-VIE Men"]
[Site "Da Lat VIE"]
[Date "2011.03.23"]
[Round "5.8"]
[White "Tu Hoang Thong"]
[Black "Nguyen,Minh Tuan"]
[Result "1-0"]
[WhiteElo "2447"]
[BlackElo "2115"]

1.d4 Nf6 2.Bg5 Ne4 3.Bh4 d5 4.f3 Nd6 5.Nc3 c6 6.e4 Qb6 7.Rb1 Be6 8.Nge2 f6
9.Bf2 Bf7 10.exd5 cxd5 11.Nf4 Qc6 12.g3 g6 13.Bh3 Bh6 14.O-O Bxf4 15.gxf4 f5
16.Re1 e6 17.Ne2 Nd7 18.Bh4 Rc8 19.c3 b5 20.Nc1 h6 21.Nd3 g5 22.Bg3 Kd8 23.Qe2 Kc7
24.a4 bxa4 25.Ra1 Rcg8 26.Bg2 g4 27.Nb4 Qb5 28.Qxb5 Nxb5 29.Rxa4 gxf3 30.Bxf3 h5
31.Kf1 h4 32.Bf2 Nf6 33.Ra5 a6 34.Rea1 Ng4 35.Bg1 Bh5 36.Bh1 Kd7 37.Nxa6 Nd6
38.Nc5+ Ke7 39.Ra7+ Kf6 40.R1a6 Rd8 41.h3 Be8 42.Rb6 Bb5+ 43.Ke1 Rhg8 44.hxg4 fxg4
45.Rh7 h3 46.Rh6+ Kf5 47.Nxe6 Ra8 48.Rxd6 Ra1+ 49.Kd2 g3 50.Bf3 Bc4 51.Ng7+  1-0

[Event "ch-VIE Men"]
[Site "Da Lat VIE"]
[Date "2011.03.23"]
[Round "6.4"]
[White "Bui Vinh"]
[Black "Tran Quoc Dung"]
[Result "1-0"]
[WhiteElo "2438"]
[BlackElo "2315"]

1.d4 Nf6 2.Bg5 Ne4 3.Bf4 d5 4.e3 e6 5.Bd3 b6 6.Ne2 Bb7 7.O-O Nd7 8.c4 Bd6
9.Bxe4 dxe4 10.Nbc3 O-O 11.Qc2 f5 12.Qb3 Bxf4 13.Nxf4 Rf6 14.c5 Qe7 15.Nb5 g5
16.Nxe6 Qxe6 17.Qxe6+ Rxe6 18.Nxc7 Rc6 19.Nxa8 bxc5 20.Rfc1 Bxa8 21.Rc4 Kf7
22.dxc5 Ne5 23.Ra4 Rc7 24.b4 Nd3 25.b5 Bd5 26.b6 axb6 27.cxb6 Rb7 28.Ra7 Ke6
29.Rb1 h5 30.a4 Rb8 31.a5 Nc5 32.Rh7 Ra8 33.Ra7 Rb8 34.h4 gxh4 35.Rh7 h3
36.Rb5 Rc8 37.Rc7  1-0

[Event "1st Gaudeamus Cup"]
[Site "Bucharest ROU"]
[Date "2011.03.27"]
[Round "4"]
[White "Andronescu,M"]
[Black "Petrescu,C"]
[Result "1-0"]
[WhiteElo "2053"]
[BlackElo "2125"]

1.d4 Nf6 2.Bg5 Ne4 3.Bh4 g5 4.Bg3 Nxg3 5.hxg3 Bg7 6.Nf3 c5 7.Nxg5 cxd4 8.Qd2 h6
9.Nf3 Qb6 10.c3 Nc6 11.Rh4 dxc3 12.Nxc3 e6 13.e4 a6 14.Rd1 Qc7 15.g4 Ne5
16.Nxe5 Bxe5 17.g5 hxg5 18.Rxh8+ Bxh8 19.Qxg5 Bxc3+ 20.bxc3 Qxc3+ 21.Rd2 b6
22.Be2 Bb7 23.Bh5 Qc1+ 24.Bd1 Bxe4 25.Qg8+ Ke7 26.Qg5+ Kf8 27.Qe5 Qc6 28.Rd6 Qb7
29.Rd4 d5 30.Qf6 Ke8 31.Bh5 Qe7 32.Qh8+ Qf8 33.Qf6 Kd7 34.f3 Bg6 35.Bxg6 fxg6
36.Qxg6 Qg8 37.Qh5 Qg3+ 38.Kf1 Rc8 39.Qh7+ Kd6 40.Qb1 b5 41.a4 Rh8 42.Qb4+ Ke5
43.Rg4 Rh1+ 44.Ke2 Qh2 45.Qd4+  1-0

[Event "12th ch-EUR"]
[Site "Aix-les-Bains FRA"]
[Date "2011.04.02"]
[Round "11.86"]
[White "Anisimov,P2"]
[Black "Rindlisbacher,J"]
[Result "1-0"]
[WhiteElo "2532"]
[BlackElo "2198"]

1.d4 Nf6 2.Bg5 Ne4 3.Bf4 c5 4.f3 Qa5+ 5.c3 Nf6 6.Nd2 cxd4 7.Nb3 Qb6 8.Qxd4 Nc6
9.Qxb6 axb6 10.Nd4 e5 11.Nxc6 exf4 12.Nd4 d5 13.e3 fxe3 14.Ke2 Bd7 15.Kxe3 Bd6
16.Bd3 O-O 17.Nge2 g6 18.a3 h5 19.g3 Rae8+ 20.Kf2 Re7 21.h4 Rfe8 22.Rad1 Ba4
23.Rd2 Ne4+ 24.fxe4 dxe4 25.Bc2 e3+ 26.Kf3 exd2 27.Bxa4 Re3+ 28.Kf2 b5 29.Bxb5 Bxg3+
30.Nxg3 Re1 31.Bxe8 Rxh1 32.Ba4 d1=Q 33.Bxd1 Rxd1 34.b3 Rd3 35.Nge2 f6 36.Nf4 Rxc3
37.Nxg6 Rd3 38.Ne7+ Kf7 39.Nef5 Kg6 40.a4 Rh3 41.Nc2 b6 42.Ke2 Rh1 43.Kd3 Rf1
44.Nce3 Rxf5 45.Nxf5 Kxf5 46.b4 Ke6 47.a5 bxa5 48.bxa5 Kd6 49.Kd4  1-0

[Event "JT Mangini Mem"]
[Site "Rio de Janeiro BRA"]
[Date "2011.04.02"]
[Round "5.5"]
[White "Stamenkovic,Dr"]
[Black "Barbosa,Ev"]
[Result "0-1"]
[WhiteElo "2389"]
[BlackElo "2319"]

1.d4 Nf6 2.Bg5 Ne4 3.Bf4 c5 4.f3 Qa5+ 5.c3 Nf6 6.Nd2 cxd4 7.Nb3 Qb6 8.Qxd4 Nc6
9.Qxb6 axb6 10.Nd4 e5 11.Nxc6 exf4 12.Nd4 Bc5 13.Nh3 Nd5 14.e4 fxe3 15.Bc4 Nb4
16.O-O-O Bxd4 17.Rxd4 d5 18.cxb4 dxc4 19.a3 Bxh3 20.gxh3 O-O 21.Re1 Rfe8
22.Rxc4 f5 23.f4 Re7 24.Kc2 Rd8 25.Re2 Kf7 26.a4 Rd6 27.a5 Rh6 28.Rd4 Rxh3
29.Rd6 bxa5 30.bxa5 Rf3 31.Rd4 Rf1 32.b4 g5 33.fxg5 f4 34.Kd3 Rd1+ 35.Kc4 Rc7+  0-1

[Event "Telin International Open"]
[Site "Jakarta INA"]
[Date "2011.04.04"]
[Round "5.8"]
[White "Prayitno,S"]
[Black "Sitanggang,S"]
[Result "1/2-1/2"]
[WhiteElo "2348"]
[BlackElo "2383"]

1.d4 Nf6 2.Bg5 Ne4 3.Bf4 d5 4.e3 c5 5.Bd3 Nf6 6.c3 Nc6 7.Nd2 Qb6 8.Rb1 Bg4
9.Ngf3 e6 10.h3 Bh5 11.O-O Be7 12.b4 cxb4 13.cxb4 O-O 14.Qa4 Rfc8 15.a3 a6
16.Rfc1 Qd8 17.Rc2 Nd7 18.Rbc1 Bg6 19.Bxg6 hxg6 20.Rc3 Nb6 21.Qc2 Bd6 22.Bxd6 Qxd6
23.h4 Qd8 24.g3 Na7 25.Qb3 Rxc3 26.Rxc3 Nb5 27.Rc2 Rc8 28.a4 Rxc2 29.Qxc2 Qc7
30.Qxc7 Nxc7 31.a5 Nc8  1/2-1/2

[Event "Telin International Open"]
[Site "Jakarta INA"]
[Date "2011.04.05"]
[Round "6.1"]
[White "Torre,E"]
[Black "Barus,C"]
[Result "1-0"]
[WhiteElo "2495"]
[BlackElo "2443"]

1.d4 Nf6 2.Bg5 Ne4 3.Bf4 d5 4.e3 e6 5.Bd3 Nf6 6.Nf3 c5 7.Nbd2 Nc6 8.c3 a6
9.O-O c4 10.Bc2 b5 11.Ne5 Bb7 12.Nxc6 Bxc6 13.Bg5 Be7 14.f4 g6 15.Nf3 Nd7
16.Bxe7 Qxe7 17.Ne5 Qd6 18.b4 f6 19.Nxd7 Kxd7 20.a4 Kc7 21.Qe2 f5 22.Ra2 Rhb8
23.Rfa1 Qe7 24.Qe1 Kd8 25.Ra3 Ke8 26.h3 Rc8 27.Kh2 Kd8 28.R1a2 Rab8 29.axb5 axb5
30.Ra7 Rb7 31.R7a6 Ke8 32.Qa1 Kf7 33.Ra8 Rbb8 34.R8a6 Rc7 35.R6a5 Kg7 36.Ra7 Rbb7
37.Rxb7 Rxb7 38.Ra6 Qc7 39.Bd1 Kf7 40.Bf3 Ke8 41.g3 Kd7 42.Kg2 Rb8 43.g4 Bb7
44.Ra7  1-0

[Event "10th Weiz City Open"]
[Site "Weiz AUT"]
[Date "2011.04.08"]
[Round "2"]
[White "Birklbauer,T"]
[Black "Wallner,W"]
[Result "0-1"]
[WhiteElo "2069"]
[BlackElo "2033"]

1.d4 Nf6 2.Bg5 Ne4 3.Bf4 d5 4.e3 c5 5.c3 cxd4 6.exd4 Nc6 7.Bd3 Nf6 8.h3 e6
9.Nf3 Be7 10.Nbd2 O-O 11.Qe2 Nh5 12.Bxh7+ Kxh7 13.Ng5+ Bxg5 14.Qxh5+ Bh6
15.Nf3 Qf6 16.Bxh6 gxh6 17.O-O Rg8 18.b4 Qg6 19.Qxg6+ fxg6 20.b5 Nd8 21.Ne5 Kg7
22.f4 Nf7 23.Nd3 b6 24.a4 Nd6 25.Ne5 a6 26.bxa6 Bxa6 27.Rfb1 b5 28.Rb4 Rgc8
29.Nd7 Rxc3 30.axb5 Bb7 31.Rxa8 Bxa8 32.Ra4 Bb7 33.Ra7 Rc7 34.Nc5 Kf6 35.g4 Nxb5
36.Rxb7 Rxb7 37.Nxb7 Nxd4 38.Nc5 Ne2+ 39.Kf2 Nxf4 40.h4 e5 41.Kf3 Ke7 42.Nb3 Kd6
43.Nd2 Kc5 44.Nf1 Kd4 45.Ng3 Kd3 46.h5 gxh5 47.gxh5 Ne6 48.Nf5 Nd4+  0-1

[Event "TCh-CAT Div Hon"]
[Site "Barcelona ESP"]
[Date "2011.04.09"]
[Round "11"]
[White "Travesset Ribera,J"]
[Black "Fluvia Poyatos,Jor"]
[Result "1/2-1/2"]
[WhiteElo "2232"]
[BlackElo "2469"]

1.d4 Nf6 2.Bg5 Ne4 3.Bf4 c5 4.f3 Qa5+ 5.c3 Nf6 6.Nd2 cxd4 7.Nb3 Qf5 8.Bxb8 Rxb8
9.Qxd4 b6 10.e4 Qf4 11.Nh3 Qc7 12.e5 Ng8 13.O-O-O e6 14.Nf2 Ne7 15.f4 Bb7
16.Ne4 Nf5 17.Qd3 Bd5 18.Be2 b5 19.Kb1 Qc4 20.Bf3 Qxd3+ 21.Rxd3 Bc4 22.Rd2 b4
23.Na5 bxc3 24.Nxc3 Bb4 25.Nxc4 Bxc3 26.Rd3 Bb4  1/2-1/2

[Event "TCh-HUN 2010-11"]
[Site "Budapest HUN"]
[Date "2011.04.10"]
[Round "8"]
[White "Reiss,T"]
[Black "Szuk,B"]
[Result "1/2-1/2"]
[WhiteElo "2403"]
[BlackElo "2403"]

1.d4 Nf6 2.Bg5 Ne4 3.Bf4 c5 4.f3 Qa5+ 5.c3 Nf6 6.Nd2 cxd4 7.Nb3 Qb6 8.Qxd4 Nc6
9.Qxb6 axb6 10.Nd4 e5 11.Nxc6 exf4 12.Nd4 Nd5 13.e4 fxe3 14.Bc4 Nf4 15.g3 Ne6
16.Nb5 d5 17.Bxd5 Bd7 18.Bxe6 Bxb5 19.Bd5 O-O-O 20.Rd1 Bc5 21.Ne2 Rd7 22.c4 Rhd8
23.Nc3 Bb4 24.Ke2 Bxc3 25.cxb5 Bxb2 26.Bb3 Bd4 27.Rd3 Kc7 28.Rhd1 f6 29.Bc4 Rd6
30.Ra3 h6 31.f4 g5 32.f5 Bc5 33.Rad3 Rxd3 34.Rxd3 Rxd3 35.Kxd3 Kd6 36.Ke4 h5
37.h3 Ke7  1/2-1/2

[Event "ch-POR Youth U18"]
[Site "Torres Vedras POR"]
[Date "2011.04.11"]
[Round "3.6"]
[White "Cadeirinhas,D"]
[Black "Vaz,Vitor Diogo"]
[Result "1-0"]
[WhiteElo "1838"]
[BlackElo "1621"]

1.d4 Nf6 2.Bg5 Ne4 3.Bf4 g6 4.Nf3 Bg7 5.Nbd2 Nf6 6.e4 d6 7.c3 O-O 8.Be2 Nbd7
9.Qb3 Nh5 10.Be3 e5 11.dxe5 dxe5 12.O-O Qe7 13.Bg5 Nhf6 14.Rad1 h6 15.Bh4 b6
16.Qc2 Bb7 17.Ne1 Qe6 18.b3 Nc5 19.f3 Rad8 20.Nd3 Nxd3 21.Bxd3 g5 22.Bg3 Nh5
23.Bc4 Qg6 24.Rfe1 b5 25.Be2 a6 26.Nf1 Nf4 27.Ne3 Nxe2+ 28.Qxe2 Qc6 29.Qc2 Rfe8
30.Nf5 Rxd1 31.Rxd1 g4 32.Qd3 gxf3 33.gxf3 Bc8 34.Ne3 Bf8 35.Kh1 Qg6 36.Rg1 Qh5
37.Qe2 Kh7 38.Nd5 Re6 39.Nxc7 Rg6 40.Nd5 Bc5 41.Bf2 Rxg1+ 42.Bxg1 Bxg1  1-0

[Event "60th ch-BUL w Final"]
[Site "Bankya BUL"]
[Date "2011.04.13"]
[Round "2.2"]
[White "Nikolova,A"]
[Black "Zlatanova,E"]
[Result "1-0"]
[WhiteElo "2311"]
[BlackElo "2024"]

1.d4 Nf6 2.Bg5 Ne4 3.Bf4 d5 4.e3 c6 5.Bd3 Nd6 6.Nd2 Nd7 7.Bxd6 exd6 8.Ne2 Be7
9.Ng3 Nf6 10.c3 Be6 11.Qc2 h5 12.Ne2 Qd7 13.Nf4 g6 14.b4 Ng4 15.h3 Nh6 16.Nb3 Bf5
17.h4 Bxd3 18.Qxd3 Qg4 19.Qe2 Nf5 20.g3 Qxe2+ 21.Kxe2 Kd7 22.b5 Ng7 23.a4 Ne6
24.Nd3 a5 25.bxc6+ bxc6 26.Rab1 c5 27.dxc5 dxc5 28.Ne5+ Ke8 29.Rhd1 c4 30.Nd4 Nc5
31.Nb5 Kf8 32.Nc7 Rc8 33.Nxd5 Nxa4 34.Ra1 Nb2 35.Rd2 Nd3 36.Nxe7 Kxe7 37.Rxa5 Nxe5
38.Rxe5+ Kf6 39.Re4 Rc7 40.Rf4+ Kg7 41.Rb2 Ra8 42.Rb4 Rac8  1-0

[Event "Zagreb Open B"]
[Site "Zagreb CRO"]
[Date "2011.04.16"]
[Round "6.3"]
[White "Muha,Z"]
[Black "Petrovic,Zv"]
[Result "1-0"]
[WhiteElo "2126"]
[BlackElo "2210"]

1.d4 Nf6 2.Bg5 Ne4 3.Bf4 d5 4.e3 c5 5.Nd2 Bf5 6.Nxe4 dxe4 7.c3 Nd7 8.Qb3 Qb6
9.Bb5 Rd8 10.Ne2 e6 11.a4 Bd6 12.dxc5 Qxc5 13.Bxd6 Qxd6 14.Rd1 Qc7 15.Qb4 a6
16.Bxd7+ Rxd7 17.O-O Rxd1 18.Rxd1 Bg4 19.Rd2 Bxe2 20.Rxe2 Qd7 21.Re1 f5 22.Qb3 Kf7
23.Rd1 Qc7 24.Rd4 Re8 25.h3 Re7 26.Qd1 g6 27.Rd8 Qb6 28.Qd2 Qc6 29.Qd4 e5
30.Qd1 Qe6 31.Rd6 Qc4 32.Rd8 Re8 33.Rd6 Re7 34.h4 Re6 35.Rd5 Re7 36.a5 Kg7
37.Rd8 Qb5 38.Qd6 Rf7 39.b4 f4 40.c4 Qxc4 41.Qxe5+ Kh6 42.Qg5+ Kg7 43.h5 Rf6
44.h6+ Kf7 45.Rd7+ Ke6 46.Rxb7 Rf7 47.Rb8 Qc1+ 48.Kh2 Qc7 49.Rb6+ Kd7 50.Qd5+ Ke8
51.Qa8+  1-0

[Event "TCh-CZE 2010-11"]
[Site "Czech Rep CZE"]
[Date "2011.04.17"]
[Round "11.1"]
[White "Yemelin,V"]
[Black "Azarov,S"]
[Result "1/2-1/2"]
[WhiteElo "2572"]
[BlackElo "2601"]

1.d4 Nf6 2.Bg5 Ne4 3.Bf4 c5 4.f3 Nf6 5.dxc5 e5 6.Bxe5 Bxc5 7.Bd4 Qb6 8.e3 O-O
9.Na3 d5 10.Bxc5 Qxc5 11.Qd4 Qe7 12.Qd2 Nc6 13.Ne2 Re8 14.Kf2 Ne5 15.Nd4 Neg4+
16.Kg1 Nxe3 17.Bb5 Bd7 18.Re1 Bxb5 19.Naxb5 Qe5 20.g3 Rac8 21.c3 a6 22.Na3 Nc4
23.Rxe5 Nxd2 24.Rxe8+ Rxe8 25.Kf2 Nc4 26.Nxc4 dxc4 27.Re1 Rxe1 28.Kxe1 g6
29.Kd2 Nd7 30.Ke3 Nc5 31.b4 cxb3 32.Nxb3 Ne6 33.Ke4 Kf8 34.Kd5 Ke7 35.Na5 b6
36.Nc6+ Kf6 37.Nd4 Nc5 38.c4 h5 39.Kc6 Na4 40.f4 g5 41.Kb7 gxf4 42.gxf4 b5
43.cxb5 axb5 44.a3 Nc3 45.Kc6 Nb1 46.Nxb5 Nxa3 47.Nxa3 Kf5 48.Kd5 Kxf4 49.Nc2 h4
50.Kd4 Kf3 51.Ne3 f5 52.Nxf5 Kg2 53.Ke3 Kxh2 54.Kf2 Kh3 55.Nxh4 Kxh4  1/2-1/2

[Event "Norsk Open A"]
[Site "Fagernes NOR"]
[Date "2011.04.17"]
[Round "4"]
[White "Svensen,T"]
[Black "Henrichsen,Erland"]
[Result "1/2-1/2"]
[WhiteElo "2108"]
[BlackElo "2038"]

1.d4 Nf6 2.Bg5 Ne4 3.Bf4 e6 4.e3 d5 5.Bd3 Bb4+ 6.c3 Bd6 7.Bxe4 Bxf4 8.exf4 dxe4
9.Nd2 f5 10.f3 O-O 11.fxe4 fxe4 12.Ne2 b6 13.Nxe4 Bb7 14.Qc2 Qd5 15.Ng5 g6
16.Nf3 Nd7 17.b3 Nf6 18.O-O-O a5 19.c4 Qd6 20.Nc3 Qxf4+ 21.Kb2 Bxf3 22.gxf3 Qxf3
23.Rhf1 Qh3 24.Qe2 Qg4 25.Qe3 Nd7 26.Rg1 Rf3 27.Qe2 Qf5 28.Rgf1 Rf8 29.Rxf3 Qxf3
30.Qxe6+ Rf7 31.Rd2 Qf5 32.Qxf5 gxf5 33.Nd5 Nf6 34.Rg2+ Kf8 35.Nf4 Ke7 36.Kc2 Kd6
37.Rg5 Ne4 38.Rg8 Kd7 39.Kd3 Nf2+ 40.Ke2 Ng4 41.h3 Nf6 42.Rg3 Re7+ 43.Re3  1/2-1/2

[Event "ch-FAI"]
[Site "Vestmanna FAI"]
[Date "2011.04.18"]
[Round "4"]
[White "Simonsen,H"]
[Black "Ziska,H"]
[Result "1/2-1/2"]
[WhiteElo "2179"]
[BlackElo "2432"]

1.d4 Nf6 2.Bg5 Ne4 3.Bf4 c5 4.f3 Qa5+ 5.c3 Nf6 6.Nd2 cxd4 7.Nb3 Qb6 8.Qxd4 Nc6
9.Qxb6 axb6 10.e4 d5 11.Be3 e5 12.Bxb6 Be6 13.Nc5 Bxc5 14.Bxc5 dxe4 15.a4 Nd7
16.Bf2 Na5 17.fxe4 Nc4 18.b4 Nf6 19.Nf3 Nxe4 20.Bxc4 Bxc4 21.Nxe5 Bb5 22.Bd4 f6
23.Nf3 Rxa4 24.Rxa4 Bxa4 25.O-O Kd7 26.Ra1 Bb5 27.Rd1 Ke6 28.Nd2 Nxd2 29.Rxd2 Ra8
30.Kf2 Bc4 31.h3 h5 32.Kg3 Ra2 33.Rxa2 Bxa2 34.h4  1/2-1/2

[Event "34th Open"]
[Site "Donostia ESP"]
[Date "2011.04.21"]
[Round "6"]
[White "Lillo Ferrer,J"]
[Black "Sanz Rodero,M"]
[Result "1-0"]
[WhiteElo "2151"]
[BlackElo "2011"]

1.d4 Nf6 2.Bg5 Ne4 3.Bf4 c5 4.f3 Qa5+ 5.c3 Nf6 6.d5 Qb6 7.e4 d6 8.Nd2 g6
9.Nc4 Qd8 10.a4 Bg7 11.Bd3 O-O 12.Ne2 Nbd7 13.O-O a6 14.Qd2 Rb8 15.a5 Qc7
16.Ra3 Ne5 17.Nxe5 dxe5 18.Bg5 c4 19.Bc2 Ne8 20.Be3 e6 21.Bb6 Qd6 22.Rd1 exd5
23.Qxd5 Qxd5 24.exd5 Nf6 25.Bc7 Ra8 26.Ng3 Ne8 27.Bb6 Nd6 28.Ba4 f5 29.Bc7 Nb5
30.Bxb5 axb5 31.Raa1 Re8 32.Re1 Bd7 33.Re2 Rac8 34.Bd6 Ra8 35.Bb4 Bf8 36.Rae1 Bg7
37.Nf1 Kf7 38.Nd2 Rac8 39.Nb1 Bf6 40.Na3 Ra8 41.Kf1 Ra6 42.Kf2 Raa8 43.g3 Rad8
44.Bc5 Ra8 45.Bd6 Rxa5 46.Bxe5 Bxe5 47.Rxe5 Rxe5 48.Rxe5 Kf6 49.f4 Ra4 50.Re2 b4
51.Nxc4 Bb5 52.b3 Ra6 53.cxb4 Ra8 54.Re6+ Kg7 55.Re7+ Kf6 56.Rxh7 Ba6 57.Ke3 Re8+
58.Kd4 Re4+ 59.Kc5 Re8 60.b5  1-0